000 00623nam a2200217 i 4500
001 97069
003 ES-MaACL
005 20240206170156.0
007 t|
008 050706s1972 sp ||||1| spa d
080 _a628.9.041
245 0 0 _aManual del alumbrado /
_cWestinghouse.
250 _a2ª ed. rev. y amp.
260 _aMadrid :
_bDossat,
_c1972.
300 _a255 p. :
_bil. ;
_c21 cm.
650 4 _aLuminotecnia.
_914715
650 7 _aIluminación eléctrica
_2embne
_9235076
710 2 _aWestinghouse Electric Corporation.
_9174819
852 4 _aES-MaACL
_jE-7769
999 _c97069
_d97069